LEADER 01860nam a2200409 u 4500 001 000000013975 003 CaOOAMICUS 005 20070226105717.0 008 941212s1972 ne u000 u lat u 020 $a9023209753 035 $a10332224 040 $aPUL(R)$bita 041 0 $alat$aeng 100 0 $aIohannes PP.$bXXI,$d1226-1277.$0(OLS)http://pul/name/13041 245 10$aTractatus called afterwards Summule logicales /$cPeter of Spain (Petrus Hispanus Portugalensis) ; first critical edition from the manuscripts with an introduction by L. M. De Rijk .. 246 30$aSummule logicales 260 $aAssen :$bVan Gorcum,$c1972. 300 $acxxix, 303 p. ;$c25 cm 490 1 $aPhilosophical texts and studies ;$v22. 500 $aContiene indici. 504 $aContiene indicazioni bibliografiche. 700 1 $aRijk, Lambert Marie de,$d1924-$0(OLS)http://pul/name/13042 830 0$aPhilosophical texts and studies (Van Gorcum) ;$v22.$0(OLS)http://pul/title/20124 850 $aPUL 852 $aPUL$W1$xSL Religione 1$y3$m80 D 37$j19639$nBK-PRI$b $qStampati$B19639$CPULBib$Z2$F19639 $H $81 852 $aPUL$W1$xDP1 Fondo Seidl$y56$m3 C 47$j19640$nBK-PRI$b $qFondi$B19640$CPULBib$Z2$F19640 $H $81 900 $aGiovanni$bXXI,$cpapa,$d1226-1277$913041 900 $aPietro Ispano,$d1226-1277$913041 900 $aPapi (1276-1277 : Iohannes PP. XXI)$913041 910 $aPietro di Giuliano,$d1226-1277$913041 941 1 $a1 941 1 $a8 961 $aINV: 49522 996 $6020$a9023209753$9(OLS)http://pul/number/17816 996 $6245$aTractatus called afterwards Summule logicales$9(OLS)http://pul/title/20122 996 $6246$aSummule logicales$9(OLS)http://pul/title/20123 996 $6260$aAssen :$bVan Gorcum$9(OLS)http://pul/publisher/48074 LEADER 01379nam a2200301 u 4500 001 000000063862 003 CaOOAMICUS 005 20070226121307.0 008 011108s2000 ne u000 u eng u 020 $a0792361830 035 $a10909237 040 $aPUL$bita 245 04$aThe aesthetics of enchantment in the fine arts /$cedited by Marlies Kronegger and Anna-Teresa Tymieniecka. 260 $aDordrecht :$bKluwer Academic,$cc2000. 300 $ax, 324 p. ;$c25 cm 490 1 $aAnalecta husserliana ;$v65 500 $aContiene indici. 500 $aIn calce al front.: "Published under the auspices of The world institute for advanced phenomenological reserch and learning". 650 4$aAllegoria.$0(OLS)http://pul/subject/3681 700 1 $aKronegger, Marlies.$0(OLS)http://pul/name/40769 700 1 $aTymieniecka, Anna-Teresa.$0(OLS)http://pul/name/34937 830 0$aAnalecta husserliana ;$v65.$0(OLS)http://pul/title/64786 850 $aPUL 852 $aPUL$W1$xSL Filosofia 2$y80$mPhil A6 65$j82828$nBK-PRI$b $qStampati altre collocazioni$B82828$CPULBib$Z2$F82828 $H $81 941 1 $a10 996 $6020$a0792361830$9(OLS)http://pul/number/82905 996 $6245$aThe aesthetics of enchantment in the fine arts$9(OLS)http://pul/title/85119 996 $6260$aDordrecht :$bKluwer Academic$9(OLS)http://pul/publisher/67010